000
00229nam a22000857a 4500
008
160705b xxu||||| |||| 00| 0 eng d
100
_9
2088
_a
Sehgal, R
245
_a
Teaching Aptitude Attitude.
260
_a
New Delhi
_b
Bookhive
_c
2004
999
_c
1784
_d
1784